SZA - Wavy (ft. James Fauntleroy) (All Lyrics) - Statistics

General Stats
  • This quiz has been taken 32 times
  • The average score is 94 of 136
Answer Stats
Answer % Correct
a
100%
got
100%
I
100%
the
95%
I'm
90%
as
85%
bad
85%
hell
85%
out
85%
out,
85%
for
80%
get
80%
issues,
80%
never
80%
think
80%
you
80%
you,
80%
You
80%
fuck
75%
it
75%
Now
75%
tomorrow
75%
way
75%
dishes
70%
Easy
70%
easy
70%
Just
70%
just
70%
Or
70%
Saying
70%
show
70%
slow
70%
takin'
70%
been
65%
boy
65%
come
65%
give
65%
in
65%
looking
65%
Looking
65%
me
65%
much
65%
of
65%
Somebody
65%
somebody
65%
take,
65%
bake,
60%
I've
60%
know
60%
line
60%
wake
60%
was
60%
And
55%
door
55%
drowning
55%
dugout,
55%
babe.
50%
forgive
50%
hate,
50%
waiting
50%
crazy
45%
crazy,
45%
feeling
45%
waving,
40%
waving
40%
Found
35%
going
35%
(Ooh)
35%
went
30%
baby
20%
ropes,
20%
gone
10%
one
10%
what's
10%
No matching quizzes found
Score Distribution
Percent of People with Each Score
Percentile by Number Answered
Your Score History
You have not taken this quiz